[Event "SR 1. liga zapad 2014/2015"]
[Site "?"]
[Date "2014.11.30"]
[Round "4.2"]
[White "Kukucka, Matej"]
[Black "Balogh, Peter"]
[Result "1/2-1/2"]
[WhiteElo "2073"]
[BlackElo "2028"]
[PlyCount "136"]
[EventDate "2014.??.??"]

1. d4 Nf6 2. c4 c5 3. d5 e6 4. Nc3 exd5 5. cxd5 d6 6. e4 g6 7. Bd3 Bg7 8. h3
O-O 9. Nf3 b5 10. Nxb5 Re8 11. O-O Nxe4 12. Re1 a6 13. Na3 Nf6 14. Rxe8+ Nxe8
15. Nc4 Bb7 16. Ne3 Nd7 17. Bd2 Ndf6 18. Bc4 Ne4 19. Be1 Rb8 20. Rb1 f5 21. Nd2
N8f6 22. Nxe4 Nxe4 23. Qd3 Qg5 24. b4 Re8 25. b5 a5 26. b6 Bd4 27. Nc2 Be5 28.
Bb5 Re7 29. Bc6 c4 30. Qxc4 Qf4 31. g3 Nxg3 32. Qxf4 Ne2+ 33. Kf1 Nxf4 34. Bxb7
Rxb7 35. Bxa5 Nxd5 36. Ne3 Ne7 37. Rc1 Kf7 38. Ke2 Ke6 39. Nc4 Kd7 40. Rd1 Nc6
41. Be1 Bd4 42. a4 Bxb6 43. Nxd6 Rb8 44. Nxf5+ Kc7 45. Ne3 Re8 46. Rc1 Kb7 47.
Bd2 Nd4+ 48. Kf1 Nb3 49. Rc2 Re4 50. Rb2 Nxd2+ 51. Rxd2 Bxe3 52. fxe3 Rxe3 53.
Rd7+ Kc6 54. Rxh7 Ra3 55. Rh6 Kd5 56. Kg2 Ke5 57. Rxg6 Rxa4 58. Kg3 Kf5 59. Rg8
Ra1 60. Rg4 Rg1+ 61. Kh4 Rxg4+ 62. hxg4+ Kg6 63. g5 Kg7 64. Kh5 Kh7 65. g6+ Kg7
66. Kg5 Kg8 67. Kh6 Kh8 68. g7+ Kg8 1/2-1/2

[Event "SR 1. liga zapad 2014/2015"]
[Site "?"]
[Date "2014.11.30"]
[Round "4.2"]
[White "Dvorsky, Jozef"]
[Black "Mikusik, Marian"]
[Result "1-0"]
[WhiteElo "2018"]
[BlackElo "2110"]
[PlyCount "113"]
[EventDate "2014.??.??"]

1. e4 e6 2. d4 d5 3. e5 c5 4. c3 Nc6 5. Nf3 Bd7 6. Be3 Qb6 7. Qd2 f6 8. Bd3
fxe5 9. dxe5 Qc7 10. Bf4 g6 11. O-O Bg7 12. Re1 Nge7 13. Na3 a6 14. b4 O-O 15.
b5 Nd8 16. bxa6 Qa5 17. axb7 Rb8 18. Nc2 c4 19. Bf1 Nxb7 20. Ncd4 Nc5 21. Ng5
h6 22. Nh3 g5 23. Bg3 Ne4 24. Rxe4 dxe4 25. Bxc4 Nd5 26. Rc1 Rfc8 27. Nb3 Qa8
28. Bxd5 Qxd5 29. Qxd5 exd5 30. e6 Bxe6 31. Bxb8 Rxb8 32. Kf1 Rc8 33. Ng1 Bd7
34. Ne2 Bb5 35. Ke1 Ra8 36. Ned4 Bd3 37. Ra1 e3 38. fxe3 Bc4 39. Nd2 Bd3 40. a4
g4 41. N2b3 Be5 42. h3 h5 43. a5 Be4 44. Ra2 Rf8 45. a6 Bg3+ 46. Kd2 Bxg2 47.
hxg4 h4 48. a7 Ra8 49. Nf5 Be4 50. Nbd4 Kh7 51. Ra6 Bg2 52. Ke2 Kg8 53. Nxg3
hxg3 54. Nf5 d4 55. exd4 Bb7 56. Rg6+ Kf7 57. Rg7+ 1-0

[Event "SR 1. liga zapad 2014/2015"]
[Site "?"]
[Date "2014.11.30"]
[Round "4.2"]
[White "Capak, Stefan"]
[Black "Puobis, Jozef"]
[Result "1/2-1/2"]
[WhiteElo "2063"]
[BlackElo "1856"]
[PlyCount "72"]
[EventDate "2014.??.??"]

1. d4 d5 2. Nf3 Nf6 3. c4 c6 4. e3 Bf5 5. Nc3 e6 6. Bd3 Bxd3 7. Qxd3 Be7 8. O-O
O-O 9. e4 dxe4 10. Nxe4 Nxe4 11. Qxe4 Nd7 12. Rd1 Bf6 13. Bf4 Re8 14. Rd2 Nf8
15. Rad1 Ng6 16. Bg3 Qa5 17. b3 Rad8 18. Qc2 c5 19. dxc5 Qxc5 20. Bd6 Qc8 21.
c5 Ne7 22. Be5 Bxe5 23. Nxe5 Rxd2 24. Rxd2 Nd5 25. a3 Qc7 26. Nd3 Rc8 27. b4 a5
28. b5 h6 29. h3 Qe7 30. Qa4 b6 31. cxb6 Nxb6 32. Qd4 Nd5 33. a4 Qa3 34. Qb2
Qxa4 35. b6 Rb8 36. Qa2 Qxa2 1/2-1/2

[Event "SR 1. liga zapad 2014/2015"]
[Site "?"]
[Date "2014.11.30"]
[Round "4.2"]
[White "Bott, Tamas"]
[Black "Motuzova, Marta"]
[Result "1/2-1/2"]
[WhiteElo "1752"]
[BlackElo "1837"]
[PlyCount "103"]
[EventDate "2014.??.??"]

1. e4 d5 2. exd5 Qxd5 3. Nc3 Qa5 4. d4 Nf6 5. Bd2 c6 6. b4 Qc7 7. Nf3 Bg4 8. h3
Bh5 9. Be2 Nbd7 10. O-O e6 11. Rb1 Be7 12. Ng5 Bxe2 13. Qxe2 O-O 14. Rfe1 h6
15. Nge4 Nd5 16. Nxd5 cxd5 17. Nc5 Bf6 18. Rb3 Bxd4 19. Nxd7 Qxd7 20. Qg4 Bf6
21. Bxh6 Kh7 22. Bf4 Rh8 23. Rg3 g6 24. Be5 Bxe5 25. Rxe5 Qe7 26. Qd4 Kg8 27.
Reg5 Rh6 28. h4 b6 29. h5 Kh7 30. Qd3 Rg8 31. a3 f5 32. hxg6+ Rgxg6 33. Rxg6
Rxg6 34. Rxg6 Kxg6 35. Qg3+ Kf7 36. Qh3 Qf6 37. Qh7+ Qg7 38. Qxg7+ Kxg7 39. f4
Kf6 40. Kf2 d4 41. Ke2 e5 42. Kd3 b5 43. g3 Ke6 44. c4 dxc3 45. Kxc3 e4 46. Kd4
Kd6 47. g4 fxg4 48. Kxe4 Ke6 49. f5+ Kf6 50. Kf4 g3 51. Kxg3 Kxf5 52. Kf3
1/2-1/2

[Event "SR 1. liga zapad 2014/2015"]
[Site "?"]
[Date "2014.11.30"]
[Round "4.3"]
[White "Sosovicka, Juraj"]
[Black "Dobrotka, Martin"]
[Result "0-1"]
[WhiteElo "2215"]
[BlackElo "2189"]
[PlyCount "114"]
[EventDate "2014.??.??"]

1. e4 e6 2. d4 d5 3. Nd2 Nf6 4. e5 Nfd7 5. Bd3 c5 6. c3 Nc6 7. Ne2 cxd4 8. cxd4
f6 9. Nf4 Qe7 10. Qh5+ Qf7 11. exf6 Qxh5 12. Nxh5 gxf6 13. Nb3 a5 14. Be3 a4
15. Nc1 Bb4+ 16. Kd1 a3 17. Kc2 Bd6 18. b3 Kf7 19. Ne2 Nb4+ 20. Kd2 Nxd3 21.
Kxd3 Nb8 22. Nc3 Bd7 23. Bf4 e5 24. Be3 Bf5+ 25. Kd2 Bb4 26. Ng3 Bg6 27. Nge2
Nc6 28. Rhc1 Rhe8 29. f4 exd4 30. Nxd4 Rxe3 31. Kxe3 Re8+ 32. Kf2 Nxd4 33. Nxd5
Re2+ 34. Kg3 Bd2 35. Rc4 Nc2 36. Rc7+ Kf8 37. Rd1 Be1+ 38. Kh3 h5 39. Nxf6 Bf5+
40. g4 hxg4+ 41. Nxg4 Re8 42. Rd6 Re3+ 43. Kg2 Bxg4 44. Rd8+ Re8 45. Rxe8+ Kxe8
46. Rxc2 Bh4 47. Rc7 Bf5 48. Rc1 Bf6 49. Kf3 Bb2 50. Re1+ Kf7 51. h4 Bc2 52. h5
b5 53. b4 Bd3 54. Rd1 Bc4 55. Rd7+ Ke6 56. Rd2 Bxa2 57. h6 Bb1 0-1

[Event "SR 1. liga zapad 2014/2015"]
[Site "?"]
[Date "2014.11.30"]
[Round "4.3"]
[White "Hanko, Pavol"]
[Black "Petran, Peter"]
[Result "0-1"]
[WhiteElo "2133"]
[BlackElo "2330"]
[PlyCount "108"]
[EventDate "2014.??.??"]

1. d4 g6 2. Nf3 Bg7 3. c4 d6 4. e4 Bg4 5. Be2 Nc6 6. Be3 e5 7. d5 Bxf3 8. Bxf3
Nd4 9. Nc3 Ne7 10. h4 h5 11. Qd2 c5 12. O-O-O a6 13. Rdg1 b5 14. Bd1 Nc8 15. g4
hxg4 16. Rxg4 Bf6 17. h5 Kd7 18. Rgg1 Nb6 19. hxg6 Nxc4 20. Qe1 fxg6 21. Rxg6
Qe7 22. Rhg1 Kc7 23. Bg5 Raf8 24. b3 Nb6 25. Rg3 Bxg5+ 26. R6xg5 b4 27. Nb1 Qf6
28. Rg7+ Rf7 29. Rxf7+ Qxf7 30. Qg1 Rh7 31. Nd2 a5 32. Rg8 Qf4 33. Rg4 Qh6 34.
Rg6 Qf4 35. Rxd6 c4 36. Qg6 c3 37. Rc6+ Nxc6 38. Qxc6+ Kd8 39. Qxb6+ Rc7 40.
Qd6+ Rd7 41. Qb6+ Ke7 42. Qc5+ Kf6 43. Qe3 Qxe3 44. fxe3 cxd2+ 45. Kxd2 Rh7 46.
Bg4 Rh2+ 47. Be2 Ke7 48. Kd1 Rh1+ 49. Kc2 Ra1 50. Kb2 Re1 51. Bg4 Rxe3 52. Bf5
Re2+ 53. Kb1 Kd6 54. Bg6 Kc5 0-1

[Event "SR 1. liga zapad 2014/2015"]
[Site "?"]
[Date "2014.11.30"]
[Round "4.3"]
[White "Havlicek, Libor"]
[Black "Lakatos, Vladimir"]
[Result "1-0"]
[WhiteElo "2278"]
[BlackElo "2121"]
[PlyCount "71"]
[EventDate "2014.??.??"]

1. d4 Nf6 2. Nf3 g6 3. g3 Bg7 4. Bg2 O-O 5. O-O d5 6. c4 c6 7. cxd5 Nxd5 8. e4
Nb6 9. h3 N8d7 10. e5 Re8 11. Nc3 Nf8 12. Qe2 Be6 13. Rd1 Qd7 14. Ng5 Rad8 15.
f4 h6 16. Nxe6 Qxe6 17. Be3 Nd5 18. Bf2 f5 19. Rac1 Qd7 20. Qc4 e6 21. b4 Rc8
22. Qb3 b6 23. a4 Qe7 24. b5 Nxc3 25. Rxc3 cxb5 26. axb5 Rxc3 27. Qxc3 g5 28.
d5 exd5 29. Bxd5+ Kh8 30. Qc2 gxf4 31. gxf4 Qb4 32. Qxf5 Qxb5 33. Qf7 Nh7 34.
Bc4 Qa4 35. Rd7 Qa1+ 36. Kg2 1-0

[Event "SR 1. liga zapad 2014/2015"]
[Site "?"]
[Date "2014.11.30"]
[Round "4.3"]
[White "Detko, Jan"]
[Black "Ruckschloss, Karol"]
[Result "1-0"]
[WhiteElo "2165"]
[BlackElo "2207"]
[PlyCount "59"]
[EventDate "2014.??.??"]

1. e4 d6 2. d4 Nf6 3. Nc3 g6 4. Bg5 Bg7 5. Qd2 h6 6. Bh4 c6 7. f4 b5 8. Bd3 b4
9. Nd1 a5 10. c3 Ba6 11. Bc2 bxc3 12. Nxc3 O-O 13. Nge2 Bxe2 14. Qxe2 Na6 15.
Rd1 Ra7 16. O-O Qb6 17. Bb1 Nc7 18. Kh1 Nb5 19. Na4 Qc7 20. f5 g5 21. Bg3 Nd7
22. h4 Nxd4 23. Qe3 c5 24. hxg5 Ne5 25. gxh6 Bf6 26. Nc3 e6 27. fxe6 fxe6 28.
Bxe5 dxe5 29. Rxf6 Rxf6 30. Qg5+ 1-0

[Event "SR 1. liga zapad 2014/2015"]
[Site "?"]
[Date "2014.11.30"]
[Round "4.3"]
[White "Kovac, Andrej"]
[Black "Reisel, Frantisek"]
[Result "1-0"]
[WhiteElo "2165"]
[BlackElo "1992"]
[PlyCount "75"]
[EventDate "2014.??.??"]

1. b3 d5 2. Bb2 Nf6 3. e3 c5 4. Bb5+ Bd7 5. Qe2 a6 6. Bxd7+ Nbxd7 7. f4 e6 8.
Nf3 Be7 9. O-O O-O 10. d3 Rc8 11. Nbd2 b5 12. c4 Qb6 13. Rab1 Rfd8 14. Ne5 g6
15. Ndf3 Ne8 16. cxd5 exd5 17. f5 Nef6 18. Rf2 c4 19. Bd4 Bc5 20. Nxd7 Nxd7 21.
bxc4 dxc4 22. dxc4 Bxd4 23. Nxd4 Rxc4 24. Rbf1 Ne5 25. fxg6 hxg6 26. h4 Rdc8
27. Rf6 Qd8 28. h5 Rc1 29. R6f4 Qg5 30. hxg6 Qxg6 31. Rxc1 Rxc1+ 32. Rf1 Rxf1+
33. Qxf1 Ng4 34. Nf5 Qh5 35. Qf4 Kh7 36. Nd6 Ne5 37. Qe4+ Kh8 38. Qxe5+ 1-0

[Event "SR 1. liga zapad 2014/2015"]
[Site "?"]
[Date "2014.11.30"]
[Round "4.3"]
[White "Mikus, Teodor"]
[Black "Hacik, Radomir"]
[Result "0-1"]
[WhiteElo "1895"]
[BlackElo "2143"]
[PlyCount "86"]
[EventDate "2014.??.??"]

1. e4 c6 2. d4 d5 3. e5 Bf5 4. Bd3 Bxd3 5. Qxd3 e6 6. Nf3 c5 7. c4 Nc6 8. cxd5
Qxd5 9. Nc3 Qd7 10. Be3 cxd4 11. Bxd4 Bb4 12. O-O Bxc3 13. bxc3 Nge7 14. Rad1
Ng6 15. Qe4 Qc7 16. h4 h6 17. Rfe1 O-O 18. h5 Nge7 19. Nh4 Qa5 20. Re2 Rad8 21.
Rd3 Qa4 22. Red2 Rd5 23. Nf3 Rfd8 24. g4 Na5 25. Qe2 Nc4 26. Rd1 Qb5 27. Qe4
Nb2 28. c4 Qxc4 29. Rc3 Qa4 30. Rd2 Nc6 31. Rxb2 Nxd4 32. Rxb7 Qd1+ 33. Kg2 Nb5
34. Re3 Rc5 35. Qf4 Rf8 36. a4 Nc7 37. Qb4 Qd5 38. Kg3 Qc6 39. Rxa7 Nd5 40. Qb3
Nxe3 41. Qxe3 Rc3 42. Qe2 Rb8 43. Ra6 Rxf3+ 0-1

[Event "SR 1. liga zapad 2014/2015"]
[Site "?"]
[Date "2014.11.30"]
[Round "4.3"]
[White "Travenec, Igor"]
[Black "Hoppan, Igor"]
[Result "1-0"]
[WhiteElo "2221"]
[BlackElo "1628"]
[PlyCount "41"]
[EventDate "2014.??.??"]

1. e4 e5 2. Nf3 Nc6 3. d4 exd4 4. Nxd4 Nxd4 5. Qxd4 d6 6. Bc4 Qf6 7. Qd3 Be6 8.
Nc3 Bxc4 9. Qxc4 Ne7 10. Be3 Nc6 11. Qb5 Kd7 12. Nd5 Qd8 13. O-O-O Qc8 14. f4
f6 15. Rhe1 a6 16. Qe2 Qe8 17. Qg4+ Kd8 18. e5 fxe5 19. fxe5 Nxe5 20. Bg5+ Be7
21. Rxe5 1-0

[Event "SR 1. liga zapad 2014/2015"]
[Site "?"]
[Date "2014.11.30"]
[Round "4.3"]
[White "Sobota, Michal"]
[Black "Kolcak, Marek"]
[Result "0-1"]
[WhiteElo "1403"]
[BlackElo "2121"]
[PlyCount "50"]
[EventDate "2014.??.??"]

1. d4 d5 2. c4 e6 3. Nf3 Nf6 4. Nc3 Bb4 5. Bg5 O-O 6. e3 Nbd7 7. cxd5 exd5 8.
Bd3 h6 9. Bh4 c5 10. O-O Qa5 11. Qc2 c4 12. Bf5 Re8 13. Rfc1 Bxc3 14. Qxc3 Qxc3
15. Rxc3 Ne4 16. Bxe4 Rxe4 17. b4 a5 18. b5 a4 19. a3 Re6 20. Rb1 Nf6 21. Nd2
Ne4 22. Nxe4 Rxe4 23. Bd8 Bf5 24. Bc7 Re7 25. Bd6 Re6 0-1

[Event "SR 1. liga zapad 2014/2015"]
[Site "?"]
[Date "2014.11.30"]
[Round "4.4"]
[White "Schwarz, Dusan"]
[Black "Maslik, Miroslav"]
[Result "1-0"]
[WhiteElo "2339"]
[BlackElo "2365"]
[PlyCount "107"]
[EventDate "2014.??.??"]

1. d4 e6 2. c4 d5 3. Nc3 c5 4. cxd5 exd5 5. Nf3 Nc6 6. g3 Nf6 7. Bg2 Be7 8. O-O
O-O 9. Bg5 cxd4 10. Nxd4 h6 11. Be3 Re8 12. Rc1 Bg4 13. h3 Bd7 14. Nxc6 bxc6
15. Na4 Bd6 16. Bc5 Bc7 17. e3 Ne4 18. Bd4 Qg5 19. Nc5 Nxc5 20. Rxc5 Bb6 21.
Rc3 Qe7 22. Bxb6 axb6 23. a3 Ra5 24. Qd4 Rb5 25. b4 c5 26. bxc5 Rxc5 27. Rb1
Rec8 28. Rxc5 bxc5 29. Qxd5 Be6 30. Qe5 c4 31. Qc3 Qd7 32. h4 Bf5 33. Rc1 Bd3
34. Bf1 Rd8 35. Rd1 Qb5 36. Qb4 Qh5 37. Rc1 Qf3 38. Bg2 Qe2 39. a4 Re8 40. Bf1
Qf3 41. Bg2 Qe2 42. a5 Qa2 43. Bd5 Rd8 44. e4 Qe2 45. Re1 Qa2 46. Qb6 Rf8 47.
a6 Qb3 48. Qd4 Qb4 49. Ra1 Bb1 50. a7 Qe1+ 51. Kg2 c3 52. a8=Q Rxa8 53. Rxa8+
Kh7 54. Rc8 1-0

[Event "SR 1. liga zapad 2014/2015"]
[Site "?"]
[Date "2014.11.30"]
[Round "4.4"]
[White "Gruca, Miroslav"]
[Black "Federic, Jozef"]
[Result "1/2-1/2"]
[WhiteElo "2220"]
[BlackElo "2305"]
[PlyCount "35"]
[EventDate "2014.??.??"]

1. e4 c5 2. Nc3 Nc6 3. f4 g6 4. Nf3 Bg7 5. Bb5 Qa5 6. Bxc6 bxc6 7. O-O c4 8. e5
Nh6 9. d3 cxd3 10. cxd3 O-O 11. d4 Ba6 12. Re1 Bc4 13. Qc2 Be6 14. Be3 Rab8 15.
b3 Rfc8 16. h3 d6 17. Rac1 Rb7 18. Qf2 1/2-1/2

[Event "SR 1. liga zapad 2014/2015"]
[Site "?"]
[Date "2014.11.30"]
[Round "4.4"]
[White "Kleman, Miroslav"]
[Black "Jostic, Peter"]
[Result "1-0"]
[WhiteElo "2231"]
[BlackElo "2075"]
[PlyCount "79"]
[EventDate "2014.??.??"]

1. e4 e5 2. f4 d5 3. exd5 exf4 4. Nf3 Nf6 5. Bc4 Bd6 6. Qe2+ Qe7 7. Qxe7+ Kxe7
8. O-O Re8 9. Nc3 a6 10. d4 Bf5 11. Bb3 Nbd7 12. Nh4 Bg4 13. Bxf4 Bxf4 14. Rxf4
g5 15. Nf5+ Kf8 16. Rf2 Rad8 17. Raf1 Bh5 18. Ng3 Bg6 19. Rxf6 Nxf6 20. Rxf6
Kg7 21. Rf1 b5 22. a3 h5 23. Nf5+ Kf8 24. h3 Rd7 25. Kh2 Rdd8 26. Kg3 h4+ 27.
Kg4 f6 28. Nxh4 gxh4 29. Rxf6+ Kg7 30. Rxa6 Re3 31. Kxh4 Rf8 32. Re6 Rxe6 33.
dxe6 Rf4+ 34. Kg3 Rxd4 35. Nxb5 Rd2 36. Nxc7 Kf6 37. Nd5+ Kxe6 38. Nf4+ Kf6 39.
Nxg6 Kxg6 40. a4 1-0

[Event "SR 1. liga zapad 2014/2015"]
[Site "?"]
[Date "2014.11.30"]
[Round "4.4"]
[White "Kijac, Miroslav"]
[Black "Matejovic, Juraj"]
[Result "0-1"]
[WhiteElo "2145"]
[BlackElo "2203"]
[PlyCount "55"]
[EventDate "2014.??.??"]

1. Nf3 Nf6 2. b3 g6 3. Bb2 Bg7 4. e3 d6 5. d4 O-O 6. c4 c5 7. Be2 cxd4 8. exd4
d5 9. O-O Nc6 10. Ne5 Nxe5 11. dxe5 Nd7 12. f4 dxc4 13. Bxc4 Nb6 14. Be2 Be6
15. Bf3 Qc7 16. Nc3 Rfd8 17. Qe2 Nd5 18. Nb5 Qb6+ 19. Bd4 Nxf4 20. Bxb6 Nxe2+
21. Bxe2 axb6 22. Nc7 Bxe5 23. Nxe6 Bxa1 24. Rxa1 fxe6 25. Bc4 Rd6 26. Re1 Rxa2
27. Bxe6+ Kg7 28. Bh3 0-1

[Event "SR 1. liga zapad 2014/2015"]
[Site "?"]
[Date "2014.11.30"]
[Round "4.4"]
[White "Banas, Kamil"]
[Black "Blazek, Milos"]
[Result "1-0"]
[WhiteElo "2213"]
[BlackElo "2035"]
[PlyCount "45"]
[EventDate "2014.??.??"]

1. e4 e5 2. Nf3 Nc6 3. d4 exd4 4. Nxd4 Bc5 5. Nb3 Bb6 6. Nc3 d6 7. a4 a6 8. Nd5
Ba7 9. Qf3 Nge7 10. Bg5 Be6 11. Be2 h6 12. Bd2 Bxd5 13. exd5 Ne5 14. Qg3 Nf5
15. Qf4 Qd7 16. Bc3 O-O-O 17. O-O Rde8 18. Bb5 axb5 19. axb5 Bb8 20. Ra8 g5 21.
Qa4 Kd8 22. Rxb8+ Ke7 23. Rxb7 1-0

[Event "SR 1. liga zapad 2014/2015"]
[Site "?"]
[Date "2014.11.30"]
[Round "4.4"]
[White "Halak, Matej"]
[Black "Dugovic, Branislav"]
[Result "0-1"]
[WhiteElo "1929"]
[BlackElo "2207"]
[PlyCount "108"]
[EventDate "2014.??.??"]

1. d4 Nf6 2. c4 e5 3. dxe5 Ng4 4. e4 Nxe5 5. Nc3 Bc5 6. Bf4 Nbc6 7. Nf3 d6 8.
Nxe5 Nxe5 9. Bxe5 dxe5 10. Qxd8+ Kxd8 11. O-O-O+ Bd7 12. Be2 Bxf2 13. Rhf1 Be3+
14. Kc2 f6 15. Nb5 Kc8 16. Rf3 Bc5 17. Rd5 Be7 18. Nc3 c6 19. Rd2 Kc7 20. h4
Rhd8 21. h5 Be6 22. Rxd8 Rxd8 23. Rg3 Rg8 24. a3 g6 25. b4 gxh5 26. Rxg8 Bxg8
27. Kd3 h4 28. Bg4 a5 29. c5 axb4 30. axb4 b6 31. Na4 bxc5 32. Nxc5 Bxc5 33.
bxc5 Kd8 34. Bf5 Ke7 35. Ke3 h6 36. Bc8 Be6 37. Bb7 Kd7 38. Ba6 f5 39. exf5
Bxf5 40. Kf3 Be6 41. Bf1 Ke7 42. Ba6 Bd5+ 43. Kf2 Kf6 44. Bc8 e4 45. Ke3 Kg5
46. Bh3 Kg6 47. Kf4 Kf6 48. Bd7 e3 49. Kxe3 Bxg2 50. Kf4 h3 51. Kg3 Ke5 52.
Bxc6 Bxc6 53. Kxh3 Kd5 54. Kg4 Be8 0-1

[Event "SR 1. liga zapad 2014/2015"]
[Site "?"]
[Date "2014.11.30"]
[Round "4.4"]
[White "Mydlarik, Martin"]
[Black "Masarik, Drahoslav"]
[Result "1/2-1/2"]
[WhiteElo "2138"]
[BlackElo "2022"]
[PlyCount "90"]
[EventDate "2014.??.??"]

1. e4 c5 2. Nf3 Nc6 3. Bb5 g6 4. Bxc6 dxc6 5. h3 Nf6 6. e5 Nd5 7. d3 Bg7 8. O-O
O-O 9. Qe2 h6 10. a3 Be6 11. Nbd2 Qd7 12. Ne4 b6 13. Bd2 a5 14. Rad1 Rad8 15.
Rfe1 Kh7 16. Bc1 Qc8 17. Ng3 Nc7 18. Nh2 Nb5 19. f4 Nd4 20. Qf2 f6 21. exf6
Bxf6 22. Ne4 Bg7 23. c3 Nf5 24. g4 Nd6 25. Rd2 Bd5 26. Rde2 e5 27. Qg3 exf4 28.
Bxf4 Nxe4 29. dxe4 Bc4 30. Re3 Rd2 31. Nf3 Rxb2 32. Bd6 Rf7 33. g5 h5 34. Ne5
Rff2 35. Nxc4 Rg2+ 36. Qxg2 Rxg2+ 37. Kxg2 Qe6 38. Nxb6 Qxd6 39. e5 Qd8 40. Nc4
Qxg5+ 41. Kh1 Bh6 42. e6 Qh4 43. e7 Bxe3 44. Rxe3 Qxc4 45. e8=Q Qf1+ 1/2-1/2

[Event "SR 1. liga zapad 2014/2015"]
[Site "?"]
[Date "2014.11.30"]
[Round "4.4"]
[White "Sopko, Rudolf"]
[Black "Horvath, Marek"]
[Result "0-1"]
[WhiteElo "1839"]
[BlackElo "1817"]
[PlyCount "62"]
[EventDate "2014.??.??"]

1. e4 e5 2. Bc4 Nf6 3. d3 Bc5 4. Nf3 d6 5. O-O O-O 6. Nc3 a6 7. Nd5 Nxd5 8.
Bxd5 c6 9. Bb3 Be6 10. c3 Nd7 11. Bxe6 fxe6 12. d4 exd4 13. cxd4 Ba7 14. Qb3
Qe8 15. Bd2 b5 16. Rac1 c5 17. d5 c4 18. Qd1 Nc5 19. Ng5 Nd3 20. Nxe6 Rxf2 21.
Rxf2 Nxf2 22. Qe2 Nd3+ 23. Kh1 Nxc1 24. Bxc1 Qf7 25. Bf4 Bc5 26. h4 Re8 27. Qg4
a5 28. h5 b4 29. h6 g6 30. e5 dxe5 31. Bg3 Qf1+ 0-1

[Event "SR 1. liga zapad 2014/2015"]
[Site "?"]
[Date "2014.11.30"]
[Round "4.5"]
[White "Gasa, Andrej"]
[Black "Bezuch, Martin"]
[Result "1-0"]
[WhiteElo "2317"]
[BlackElo "2237"]
[PlyCount "91"]
[EventDate "2014.??.??"]

1. e4 g6 2. d4 Bg7 3. Nf3 d6 4. Nc3 a6 5. a4 Nf6 6. h3 O-O 7. Be3 Nbd7 8. e5
Ne8 9. Bc4 Nb6 10. Bb3 a5 11. O-O d5 12. Qd2 c6 13. Ne2 Nc7 14. Nh2 Be6 15. Bh6
Qd7 16. Ng3 f6 17. Nf3 Rf7 18. Rfe1 Qc8 19. Re2 Qf8 20. Bxg7 Qxg7 21. Rae1 f5
22. Ng5 Rff8 23. f4 h6 24. Nf3 Nc4 25. Qc1 b5 26. c3 Rfb8 27. Nf1 Ra7 28. Bc2
Rab7 29. b3 Nb6 30. Ne3 bxa4 31. bxa4 Nc4 32. g4 Nxe3 33. Qxe3 fxg4 34. hxg4
Bxg4 35. Rg2 h5 36. Nh2 Rb2 37. Nxg4 hxg4 38. Ree2 Ne6 39. Rxg4 g5 40. fxg5 Nf8
41. Rh4 Ng6 42. Rh6 Rxc2 43. Rxc2 Rb1+ 44. Kh2 Qf7 45. Rf2 Qe6 46. Qd3 1-0

[Event "SR 1. liga zapad 2014/2015"]
[Site "?"]
[Date "2014.11.30"]
[Round "4.5"]
[White "Koval, Maros"]
[Black "Bury, Rastislav"]
[Result "1-0"]
[WhiteElo "2098"]
[BlackElo "2147"]
[PlyCount "67"]
[EventDate "2014.??.??"]

1. d4 d5 2. Nf3 e6 3. c3 f5 4. Bg5 Nf6 5. e3 Be7 6. Bd3 O-O 7. Ne5 Nbd7 8. f4
Nxe5 9. fxe5 Ng4 10. Bxe7 Qxe7 11. Qf3 Qg5 12. Qf4 Qh4+ 13. g3 Qh3 14. Bf1 Qh5
15. h3 Qh6 16. Qxh6 Nxh6 17. Nd2 Bd7 18. Bd3 Nf7 19. Nf3 h6 20. h4 g6 21. Ke2
Kg7 22. Rhg1 Rg8 23. g4 Kh8 24. Rac1 Rac8 25. c4 c6 26. b4 b6 27. g5 hxg5 28.
hxg5 Kg7 29. cxd5 cxd5 30. Ba6 Rb8 31. Rc7 Bc8 32. Bd3 Bb7 33. Rgc1 Rgc8 34.
Rxb7 1-0

[Event "SR 1. liga zapad 2014/2015"]
[Site "?"]
[Date "2014.11.30"]
[Round "4.5"]
[White "Jozefek, Michal"]
[Black "Bojda, Lubomir"]
[Result "1-0"]
[WhiteElo "2064"]
[BlackElo "2167"]
[PlyCount "91"]
[EventDate "2014.??.??"]

1. d4 Nf6 2. c4 e6 3. Nc3 Bb4 4. Qc2 c5 5. dxc5 Bxc5 6. Nf3 Nc6 7. e3 O-O 8. a3
d5 9. b4 Bd6 10. Bb2 a6 11. Rd1 dxc4 12. Bxc4 Qe7 13. O-O b6 14. Ne4 Nxe4 15.
Qxe4 Bb7 16. Qg4 e5 17. Ng5 Nd8 18. Ne4 h5 19. Qf5 Bxe4 20. Qxe4 Ne6 21. Qc6
Rfd8 22. Bxe6 Qxe6 23. Qxb6 e4 24. g3 h4 25. Rd2 h3 26. Rfd1 Qg4 27. f4 Rac8
28. Qxa6 Rc2 29. Qf1 Rdc8 30. Bd4 g5 31. Be5 Be7 32. Bd4 Bd6 33. Bc5 Bxc5 34.
bxc5 R8xc5 35. fxg5 Rxd2 36. Rxd2 Rf5 37. Rd8+ Kh7 38. Qa1 f6 39. Qd4 Rxg5 40.
Qxf6 Rg7 41. Qf4 Qxf4 42. exf4 Ra7 43. Re8 Rxa3 44. Rxe4 Ra2 45. f5 Rg2+ 46.
Kh1 1-0

[Event "SR 1. liga zapad 2014/2015"]
[Site "?"]
[Date "2014.11.30"]
[Round "4.5"]
[White "Polacik, Igor"]
[Black "Kimerling, Martin"]
[Result "0-1"]
[WhiteElo "2173"]
[BlackElo "2157"]
[PlyCount "78"]
[EventDate "2014.??.??"]

1. d4 f5 2. c4 Nf6 3. Nc3 g6 4. g3 Bg7 5. Bg2 O-O 6. Nh3 d6 7. d5 c6 8. O-O e5
9. dxe6 Bxe6 10. Qb3 Qe7 11. Ng5 Bc8 12. Qc2 h6 13. Nf3 Be6 14. b3 Nbd7 15. Bb2
Ne5 16. Rad1 Rad8 17. Ba3 Nxf3+ 18. Bxf3 Rd7 19. Rd2 Rfd8 20. Rfd1 h5 21. h4
Ng4 22. e3 Be5 23. Ne2 g5 24. hxg5 Qxg5 25. Nf4 Bf7 26. Bb2 Bxb2 27. Qxb2 h4
28. gxh4 Qxh4 29. Qc2 Qg5 30. Bg2 Ne5 31. Kf1 Bh5 32. Ne6 Qg4 33. Nxd8 Rg7 34.
f4 Nf3 35. Rf2 Nh2+ 36. Ke1 Qh4 37. Bf1 Rg1 38. Kd2 Qxf2+ 39. Kd3 Qxc2+ 0-1

[Event "SR 1. liga zapad 2014/2015"]
[Site "?"]
[Date "2014.11.30"]
[Round "4.5"]
[White "Karas, Marek"]
[Black "Riabov, Alexander"]
[Result "0-1"]
[WhiteElo "2170"]
[BlackElo "2072"]
[PlyCount "116"]
[EventDate "2014.??.??"]

1. Nf3 g6 2. d4 Bg7 3. c4 d6 4. Nc3 Nc6 5. h3 e5 6. d5 Nce7 7. e4 f5 8. Be2 Nf6
9. exf5 gxf5 10. Ng5 O-O 11. Ne6 Bxe6 12. dxe6 c6 13. g4 d5 14. g5 Ne8 15. cxd5
cxd5 16. Bh5 d4 17. Bf7+ Kh8 18. Nb1 Nd6 19. Rg1 Nxf7 20. exf7 Qd5 21. h4 Qe4+
22. Kf1 Qxh4 23. Qb3 b6 24. g6 Nxg6 25. Bg5 Qe4 26. Nd2 Qb7 27. Qh3 Rxf7 28.
Rc1 Rc8 29. Rxc8+ Qxc8 30. Rh1 Nf8 31. Qh5 Qc1+ 32. Ke2 Qc7 33. Rc1 Qd7 34. Rc8
d3+ 35. Kf1 Qxc8 36. Qxf7 Qc6 37. f3 Qg6 38. Qe7 h6 39. Be3 a6 40. Qd8 f4 41.
Bxb6 Qf6 42. b4 Qxd8 43. Bxd8 Ne6 44. Be7 Kg8 45. a4 Bf8 46. Bxf8 Kxf8 47. b5
axb5 48. axb5 Ke7 49. Nc4 Nd4 50. b6 Kd8 51. Kf2 Kc8 52. Kg2 Kb7 53. Kf2 h5 54.
Kg2 h4 55. Kh3 Nxf3 56. Kg4 d2 57. Nb2 Nd4 58. Kxh4 e4 0-1

[Event "SR 1. liga zapad 2014/2015"]
[Site "?"]
[Date "2014.11.30"]
[Round "4.5"]
[White "Chlpik, Martin"]
[Black "Spacek, Oliver"]
[Result "1-0"]
[WhiteElo "2072"]
[BlackElo "2011"]
[PlyCount "101"]
[EventDate "2014.??.??"]

1. d4 Nf6 2. Nf3 c5 3. c3 b6 4. Bf4 Bb7 5. e3 d6 6. h3 g6 7. Nbd2 Bg7 8. Be2
O-O 9. O-O Nbd7 10. a4 Re8 11. Bh2 Rc8 12. a5 Ne4 13. axb6 axb6 14. Ra7 Bc6 15.
Nxe4 Bxe4 16. Bb5 Rc7 17. Qa4 Bc2 18. Qa6 Rf8 19. Rxc7 Qxc7 20. Bxd7 Qxd7 21.
Qxb6 c4 22. Ra1 Bf6 23. Nd2 d5 24. Nf3 Rc8 25. Be5 Qc6 26. Qa7 Qe6 27. Ra6 Qf5
28. Bxf6 exf6 29. Qb7 Rf8 30. Rd6 Bd1 31. Qxd5 Qb1 32. Kh2 Qxb2 33. Rxf6 Bxf3
34. Rxf3 Qxc3 35. e4 Qb4 36. e5 Kg7 37. h4 c3 38. Qc5 Qxc5 39. dxc5 c2 40. Rc3
Rc8 41. Rxc2 Rc6 42. Kg3 Kf8 43. Kf4 Ke7 44. g4 h6 45. Ke4 Kd7 46. Kd5 Ra6 47.
Rb2 Kc7 48. Rb6 Ra2 49. Rf6 Rd2+ 50. Ke4 Rd7 51. c6 1-0

[Event "SR 1. liga zapad 2014/2015"]
[Site "?"]
[Date "2014.11.30"]
[Round "4.5"]
[White "Jablonicky, Martin"]
[Black "Bielik, Miroslav"]
[Result "1-0"]
[WhiteElo "1949"]
[BlackElo "2157"]
[PlyCount "53"]
[EventDate "2014.??.??"]

1. e4 b6 2. d4 Bb7 3. Nc3 e6 4. Bd3 c5 5. d5 Nf6 6. Bc4 exd5 7. exd5 d6 8. Nge2
Be7 9. O-O O-O 10. Ng3 Na6 11. Re1 Nc7 12. Nf5 Re8 13. Bg5 Bf8 14. Ne4 Qd7 15.
Nh6+ Kh8 16. Nxf6 Rxe1+ 17. Qxe1 gxf6 18. Bxf6+ Bg7 19. Qc3 Ne8 20. Bxg7+ Nxg7
21. Qf6 b5 22. Nxf7+ Kg8 23. Nh6+ Kh8 24. Re1 Re8 25. Rxe8+ Qxe8 26. Nf5 Qg8
27. Nxd6 1-0